|
|
|
|
| LEADER |
01410nam a2200385Ia 4500 |
| 001 |
EBC449531 |
| 003 |
MiAaPQ |
| 005 |
20200520144314.0 |
| 006 |
m o d | |
| 007 |
cr cn||||||||| |
| 008 |
021021s2002 enka sb 001 0 eng d |
| 010 |
|
|
|z 2002514669
|
| 020 |
|
|
|z 190324062X
|
| 020 |
|
|
|z 9781903240625
|
| 035 |
|
|
|a (MiAaPQ)EBC449531
|
| 035 |
|
|
|a (Au-PeEL)EBL449531
|
| 035 |
|
|
|a (CaPaEBR)ebr10338576
|
| 035 |
|
|
|a (CaONFJC)MIL133199
|
| 035 |
|
|
|a (OCoLC)710972858
|
| 040 |
|
|
|a MiAaPQ
|c MiAaPQ
|d MiAaPQ
|
| 050 |
|
4 |
|a HF5549.5.E43
|b V545 2002
|
| 245 |
0 |
0 |
|a Violence at work
|h [electronic resource] :
|b causes, patterns and prevention /
|c edited by Martin Gill, Bonnie Fisher and Vaughan Bowie.
|
| 260 |
|
|
|a Cullompton, UK ;
|a Portland, Or. :
|b Willan,
|c 2002.
|
| 300 |
|
|
|a xx, 220 p. :
|b ill.
|
| 504 |
|
|
|a Includes bibliographical references and index.
|
| 533 |
|
|
|a Electronic reproduction. Ann Arbor, MI : ProQuest, 2015. Available via World Wide Web. Access may be limited to ProQuest affiliated libraries.
|
| 650 |
|
0 |
|a Bullying in the workplace.
|
| 650 |
|
0 |
|a Violence in the workplace.
|
| 650 |
|
0 |
|a Work environment.
|
| 655 |
|
4 |
|a Electronic books.
|
| 700 |
1 |
|
|a Bowie, Vaughan.
|
| 700 |
1 |
|
|a Fisher, Bonnie,
|d 1959-
|
| 700 |
1 |
|
|a Gill, M. L.
|
| 710 |
2 |
|
|a ProQuest (Firm)
|
| 856 |
4 |
0 |
|u https://ebookcentral.proquest.com/lib/matrademy/detail.action?docID=449531
|z Click to View
|